000 00790nam a2200217 i 4500
001 111542
003 ES-MaACL
005 20250812230818.0
007 t|
008 061121s1912 sp a r ||||1| spa d
080 _a636.09:616.9
100 1 _aOreste, Pietro.
_987238
245 1 0 _aEnfermedades infecciosas de los animales domésticos /
_cPietro Oreste ; traducción directa de la tercera edición italiana por Dalmacio García e Izcara, Gustavo Pittaluga.
260 _aMadrid :
_bNicolás Moya,
_c1912.
300 _aVIII, 831 p. :
_bil. ;
_c24 cm.
650 7 _aEnfermedades infecciosas en animales
_2embne
_9155593
700 1 _aGarcía e Izcara, Dalmacio.
_954564
700 1 _aPittaluga, Gustavo,
_d1876-1956
_9155591
852 _aES-MaACL
_jE-1434
999 _c111542
_d111542